|
|
|
|
| LEADER |
01177pam a22003018a 4500 |
| 001 |
00038519 |
| 008 |
170516s ||||||Viesd |
| 005 |
20171113091126.0 |
| 041 |
0 |
# |
|a Vie
|
| 082 |
1 |
4 |
|a 338.4
|b D500L
|
| 100 |
1 |
# |
|a Lê Huy Bá
|
| 245 |
1 |
0 |
|a Du lịch sinh thái (Ecotourism)
|c Lê Huy Bá, Thái Lê Nguyên, Nguyễn Thị Trốn, Đỗ Thị Kim Chi, Lê Nguyễn Diễm Hằng
|
| 260 |
# |
# |
|a Tp Hồ Chí Minh
|b ĐH Quốc gia Tp Hồ Chí Minh
|
| 300 |
# |
# |
|a 542 tr.
|c 24 cm
|
| 500 |
# |
# |
|a ĐTTS ghi: Đại học quốc gia TP Hồ Chí Minh. Trường Đại học khoa học xã hội và nhân văn
|
| 653 |
# |
# |
|a Môi trường
|
| 653 |
# |
# |
|a Du lịch sinh thái
|
| 653 |
# |
# |
|a Phát triển
|
| 653 |
# |
# |
|a Việt Nam
|
| 700 |
1 |
# |
|a Lê, Huy Bá
|
| 700 |
1 |
# |
|a Lê, Nguyễn Diễm Hằng
|
| 700 |
1 |
# |
|a Nguyễn, Thị Trốn
|
| 700 |
1 |
# |
|a Thái, Lê Nguyên
|
| 700 |
1 |
# |
|a Đỗ, Thị Kim Chi
|
| 852 |
# |
# |
|b Kho đọc
|j KD.1001071
|
| 852 |
# |
# |
|j KD.0022667
|j KM.0026210
|
| 910 |
|
|
|d 16/05/2017
|
| 980 |
# |
# |
|a Trung tâm Học liệu Lê Vũ Hùng, Trường Đại học Đồng Tháp
|